| 000 | 004640000a22001810004500 | ||
|---|---|---|---|
| 003 | MACL | ||
| 005 | 20150912160701.0 | ||
| 008 | 150912b xxu||||| |||| 00| 0 eng d | ||
| 040 |
_aMACL _cMACL |
||
| 041 | _aEnglish | ||
| 082 | _a823/GAR | ||
| 100 |
_aGardner, Katy _910496 |
||
| 245 |
_aSongs At The River's Edge _bStories from A Bangladeshi Village |
||
| 260 |
_bRupa & Co. _c1991 _aCalcutta |
||
| 350 | _a60 | ||
| 650 |
_aFiction _910497 |
||
| 942 |
_cBK _k823 _2ddc |
||
| 999 |
_c3958 _d3958 |
||